Ready for first workbook with key
Updated in line with Cambridge English: First (FCE) 2015 revisions
Αποθηκεύτηκε σε:
| Κύριος συγγραφέας: | |
|---|---|
| Άλλοι συγγραφείς: | |
| Μορφή: | Βιβλίο |
| Γλώσσα: | Undetermined |
| Έκδοση: |
London
Macmillan
2013
|
| Θέματα: | |
| Διαθέσιμο Online: | http://lrc.tdmu.edu.vn/opac/search/detail.asp?aID=2&ID=33982 |
| Ετικέτες: |
Προσθήκη ετικέτας
Δεν υπάρχουν, Καταχωρήστε ετικέτα πρώτοι!
|
| Thư viện lưu trữ: | Trung tâm Học liệu Trường Đại học Thủ Dầu Một |
|---|
| LEADER | 00803nam a2200229Ia 4500 | ||
|---|---|---|---|
| 001 | TDMU_33982 | ||
| 008 | 210410s9999 xx 000 0 und d | ||
| 082 | |a 332.6322 | ||
| 090 | |b N434 | ||
| 100 | |a Norris, Roy | ||
| 245 | 0 | |a Ready for first | |
| 245 | 0 | |b workbook with key | |
| 245 | 0 | |c Roy Norris, Lynda Edwards | |
| 260 | |a London | ||
| 260 | |b Macmillan | ||
| 260 | |c 2013 | ||
| 300 | |a 151 p. | ||
| 520 | |a Updated in line with Cambridge English: First (FCE) 2015 revisions | ||
| 650 | |a English language |x Study and teaching |v Exercises, Problems; Ngôn ngữ Anh |x Học và dạy |v Vấn đề, bài tập | ||
| 700 | |a Edwards, Lynda | ||
| 856 | |u http://lrc.tdmu.edu.vn/opac/search/detail.asp?aID=2&ID=33982 | ||
| 980 | |a Trung tâm Học liệu Trường Đại học Thủ Dầu Một | ||